000 00738nam a2200265Ia 4500
001 7420
005 20240113234014.0
007 ta
008 050705s1982 g b000 u eng u
040 _aCotton College,Assam
041 _aeng
082 _a320.3
_bSc 77 C
100 _aScarrow, Howard A. .
245 0 _aComparitive Political Analysis: An Introduction /
_cHoward A. Scarrow.
_hTextual Documents
250 _a1st ed. /
260 _aDelhi :
_bSurjeet Publications ,
_c1982.
300 _axii, 146p. ;
_c22cm.
504 _aIndex
653 _aPolitical Science
653 _aPolitics-Comparitive analysis
653 _aPG-Political Science
942 _2ddc
_cBK
999 _c7407
_d7407